000 00236nam a2200097Ia 4500
008 230907s9999||||xx |||||||||||||| ||und||
082 _a338.9001
_bPIE
245 0 _aDevelopment theory /
260 _aSage Publication,
_c2013
942 _cBK
999 _c599015
_d599015